00434nam a2200169Ia 450000500170000000800410001702000100005804000190006804100120008708200170009910000260011624500560014226000270019830000100022565000190023585000100025420230321090940.0131103s9999 xx 000 0 und d cRs.12 aLoreto College aEnglish a891.441bMAJ aMajumdar, Bimanbihari aPanchshata batsarer padabalicBimanbihari, Majumdar aKolkatabJigashac1973 a264p  aBengali poetry aLCLIB